| 000 | 00653nam a2200217Ii 4500 | ||
|---|---|---|---|
| 001 | 5034 | ||
| 003 | CO-ViMGA | ||
| 008 | 241108s9999||||xx |||||||||||||| ||und|| | ||
| 020 | _a958900324X | ||
| 040 |
_aCO-ViMGA _bspa _erda _cCO-ViMGA |
||
| 041 | 0 | _aunk | |
| 082 | 0 | 4 | _a719.32 Ch192m |
| 100 | 1 |
_aAlvaro Cháves Mendoza _953432 |
|
| 245 | 1 | 0 | _aMonumentos arqueológicos de Tierradentro |
| 264 | 1 | _a[Lugar de publicación no identificado] : Banco Popular, 1986 | |
| 300 | _avolumen | ||
| 336 |
_atext _btxt _2rdacontent |
||
| 337 |
_aunmediated _bn _2rdamedia |
||
| 338 |
_avolume _bnc _2rdacarrier |
||
| 940 | _aidficha_siabuc: 4905. -- ficha_no_siabuc:5034 | ||
| 999 |
_c50056 _d50056 |
||